000 00521cam a22001937a 4500
001 001128
003 armpunfd
005 20140612090631.0
008 020529e0####xx#a##########000#0#und#d
040 _aarmpunfd
_carmpunfd
080 _a342.56 M 815
100 1 0 _a Morello, Augusto M.
245 1 0 _aLas jornadas juridicas de junin
260 _aA Plata : Fundacion Jus
_b2000. 16 P.
650 7 _a Poder Judicial
_2LEMB
650 7 _a Sistema Judicial
_2LEMB
942 _cLB
_2cdu
945 _aCatalis
_d2010-08-19
999 _c1119
_d231623